| 000 | 00466nam a2200169Ia 4500 | ||
|---|---|---|---|
| 999 |
_c29683 _d29683 |
||
| 003 | OSt | ||
| 005 | 20210104124221.0 | ||
| 008 | 190216s9999||||xx |||||||||||||| ||und|| | ||
| 040 | _coclc | ||
| 082 |
_a894.8122 _bBLE/B |
||
| 100 |
_aBlessy _98107 |
||
| 245 | 0 |
_aBramaram / _cBlessy |
|
| 260 |
_bOlive Publications, _c2009. _aKozhikode: |
||
| 300 | _a120p | ||
| 650 | _aMalayalam Nadakam | ||
| 942 |
_cBK _2ddc _h894.8122 _iBLE/B _k894.8122 _mBLE/B |
||